পদ্মিনী উপাখ্যান : (Record no. 64727)
[ view plain ]
| 000 -LEADER | |
|---|---|
| fixed length control field | 01292nam a2200253 a 4500 |
| 001 - CONTROL NUMBER | |
| control field | 64727 |
| 003 - CONTROL NUMBER IDENTIFIER | |
| rucl marc code | BD-RjUL |
| 005 - DATE AND TIME OF LATEST TRANSACTION | |
| control field | 20211209081337.0 |
| 008 - FIXED-LENGTH DATA ELEMENTS--GENERAL INFORMATION | |
| fixed length control field | 170219s1951 ii ||||| |||| 00| 0 ben d |
| 020 ## - INTERNATIONAL STANDARD BOOK NUMBER | |
| Terms of availability | : Tk. 1.00 |
| 035 ## - SYSTEM CONTROL NUMBER | |
| System control number | (BD-RjUL)64857 |
| 040 ## - CATALOGING SOURCE | |
| Original cataloging agency | BD-RjUL |
| Language of cataloging | eng |
| Transcribing agency | BD-RjUL |
| 041 ## - LANGUAGE CODE | |
| Language code of text/sound track or separate title | ben |
| 082 ## - DEWEY DECIMAL CLASSIFICATION NUMBER | |
| Edition number | 23 |
| Classification number | 891.441 |
| Author mark and year | BAP 1951 |
| 100 1# - MAIN ENTRY--PERSONAL NAME | |
| Personal name | বন্দ্যোপাধ্যায়, রঙ্গলাল |
| 9 (RLIN) | 191889 |
| 245 10 - TITLE STATEMENT | |
| Title | পদ্মিনী উপাখ্যান : |
| Remainder of title | রাজস্থানীয় ইতিহাস বিশেষ / |
| Statement of responsibility, etc. | রঙ্গলাল বন্দ্যোপাধ্যায় ; সম্পাদক ব্রজেন্দ্রনাথ বন্দ্যোপাধ্যায়, সজনীকান্ত দাস |
| 260 ## - PUBLICATION, DISTRIBUTION, ETC. (IMPRINT) | |
| Place of publication, distribution, etc. | কলিকাতা : |
| Name of publisher, distributor, etc. | বঙ্গীয়-সাহিত্য-পরিষৎ, |
| Date of publication, distribution, etc. | ১৯৫১ |
| 300 ## - PHYSICAL DESCRIPTION | |
| Pagination | ১২৪ পৃ. ; |
| Size | ১৮ সেমি. |
| 650 ## - SUBJECT ADDED ENTRY--TOPICAL TERM | |
| Topical term or geographic name as entry element | বাংলা কবিতা |
| 9 (RLIN) | 177522 |
| Topical term or geographic name as entry element | Bengali Poetry |
| 9 (RLIN) | 191890 |
| 700 ## - ADDED ENTRY--PERSONAL NAME | |
| Personal name | বন্দ্যোপাধ্যায়, ব্রজেন্দ্রনাথ, সম্পাদক |
| Personal name | দাস, সজনীকান্ত, সম্পাদক |
| 942 ## - ADDED ENTRY ELEMENTS (KOHA) | |
| Source of classification or shelving scheme | Dewey Decimal Classification |
| Koha item type | Books |
| Lost status | Source of classification or shelving scheme | Damaged status | Not for loan | Collection code | Permanent Location | Current Location | Shelving location | Date acquired | Source of acquisition | Cost, normal purchase price | Total Checkouts | Full call number | Date last seen | Copy number | Koha item type |
|---|---|---|---|---|---|---|---|---|---|---|---|---|---|---|---|
| Dewey Decimal Classification | Not For Loan | Non-fiction | Central Library, University of Rajshahi | Central Library, University of Rajshahi | Reading Room | 21/11/1962 | Kamala Book | 1.25 | B 891.441 BAP 1951 | 19/02/2017 | C-1 | Books |